Domestic heating and hot water supply : a text and reference book written in British and SI units for domestic heating engineers, architects, builders, students and technicians /

Saved in:
Bibliographic Details
Main Author: Barton, J.J
Format: Book
Language:English
Published: London : Applied Science, 1970.
Subjects:
LEADER 01019nam a2200253 a 4500
001 c000181697
003 CARM
005 20050321110711.0
008 810828s1970 enka 001 0 eng d
019 1 |a 2693858  |5 LACONCORD2021 
020 |a 0853341117 
035 |a (OCoLC)1087526  |5 LACONCORD2021 
040 |a QUT  |b eng  |c QUT  |d ABN:SN 
082 0 4 |a 697.4  |2 19 
100 1 |a Barton, J.J. 
245 1 0 |a Domestic heating and hot water supply :  |b a text and reference book written in British and SI units for domestic heating engineers, architects, builders, students and technicians /  |c by J.J. Barton. 
260 |a London :  |b Applied Science,  |c 1970. 
300 |a xv, 310 p. :  |b ill. ;  |c 26 cm. 
500 |a Includes index. 
650 0 |a Hot-water heating. 
650 0 |a Hot-water supply. 
852 8 |b CARM  |h A2:AK37C0  |i C06419  |p 0248801  |f BK 
999 f f |i d942db07-95a4-5aab-a46c-c8ff74403735  |s f963fb08-7a78-58fe-8dc0-bd1f44575a5e 
952 f f |p Can circulate  |a CAVAL  |b CAVAL  |c CAVAL  |d CARM 1 Store  |e C06419  |f A2:AK37C0  |h Other scheme  |i book  |m 0248801